| 000 | 01987cam a2200529 a 4500 | ||
|---|---|---|---|
| 999 |
_c23258 _d23258 |
||
| 001 | vtls008839316 | ||
| 005 | 20220615113118.0 | ||
| 008 | 060816s2006 xr g p 000 0 eng | ||
| 020 | _a802471728X (brož.) | ||
| 040 |
_aSVKPO _bslo _cSVKPO _dSNK _eAACR2 |
||
| 041 | 1 |
_aeng _acze _hger |
|
| 044 |
_axr _cCZ |
||
| 072 | 7 |
_a811.111 _xAngličtina _2konspekt |
|
| 072 | 7 |
_a37.016 _xUčebné osnovy. Vyučovacie predmety. Učebnice _2konspekt |
|
| 080 |
_a811.111 _22001 |
||
| 080 |
_a659.144.1 _22001 |
||
| 080 |
_a005.91:82-6 _22001 |
||
| 080 |
_a316.776 _22001 |
||
| 080 |
_a81’373.46 _22001 |
||
| 080 |
_a(075) _22001 |
||
| 080 |
_a(076.5) _22001 |
||
| 100 | 1 |
_aHenderson, Derek _93111 |
|
| 240 | 1 | 0 |
_aBusiness English Trainer _lČesky |
| 245 | 1 | 0 |
_aBusiness English _b50 praktických cvičení : korespondence, porady, prezentace, obchodní jednání a společenská konverzace _cDerek Henderson, Veronika Streitwieser ; [překlad Iva Michňová] |
| 246 | 1 | 8 | _aBusiness English - 50 praktických cvičení |
| 250 | _a1. vyd. | ||
| 260 |
_aPraha _bGrada _c2006 |
||
| 300 |
_a120 s. _c21 cm |
||
| 490 | 1 | _aPoradce pro praxi | |
| 500 | _aPreložené z nemčiny | ||
| 650 | 0 | 7 |
_aobchodné jednania _2SNKPH _93112 |
| 650 | 0 | 7 |
_aobchodná korešpondencia _2SNKPH _93113 |
| 650 | 0 | 7 |
_aobchodná komunikácia _2SNKPH _93114 |
| 650 | 0 | 7 |
_aodborná terminológia _2SNKPH _93115 |
| 650 | 0 | 7 |
_aEnglish language _2SNKPHeng _93116 |
| 650 | 0 | 7 |
_aangličtina _2SNKPH _93117 |
| 650 | 0 | 7 |
_aNegotiation in business _2SNKPHeng _93118 |
| 650 | 0 | 7 |
_aCommercial correspondence _2SNKPHeng _93119 |
| 650 | 0 | 7 |
_aCommunication in business _2SNKPHeng _93120 |
| 650 | 0 | 7 |
_aTerminology (professional) _2SNKPHeng _93121 |
| 655 | 7 |
_aučebnice _2SNKPH _93122 |
|
| 655 | 7 |
_apraktické cvičenia _2SNKPH _93123 |
|
| 655 | 7 |
_aTextbooks _2SNKPHeng _93124 |
|
| 655 | 7 |
_aProblems, exercises, etc. _2SNKPHeng _93125 |
|
| 700 | 1 |
_aStreitwieser, Veronika _4aut _93126 |
|
| 700 | 1 |
_aMichňová, Iva, _d1972- _4trl _93127 |
|